000 00567nam a2200217Ia 4500
005 20230613135223.0
008 131103s9999 xx 000 0 und d
020 _cRs.95
040 _aLoreto College
041 _aEnglish
082 _a940.2
_bMIT
100 _aMitra,Shiba Prasad
245 4 _aThe end of an age?
_cShiba Prasad Mitra
260 _aNew Delhi
_bThe Author
_c1989
300 _axii,129 p.
504 _aIncludes bibliographical references
650 _aModern History
651 _aEurope - Modern History
850 _aLCLIB
942 _cBK
999 _c3996
_d54475